000 00751nam a22002411i 4500
001 141079
003 ES-MaACL
005 20230906200222.0
007 t|
008 070919s1976 sp ||||0| spa d
020 _a84-217-4165-9
080 _a821.111-31"19"
100 1 _aWilson, Colin.
_9117017
245 1 0 _aRitual en la oscuridad /
_cColin Wilson ; [traducción de inglés Francisco Elías].
250 _a1ª ed.
260 _aBarcelona :
_bLuis de Caralt,
_c1976.
300 _a401 p. ;
_c18 cm.
490 1 _aBiblioteca universal Caralt. Serie novela ;
_v57
700 1 _aElías, Francisco.
_946960
830 1 _aBiblioteca universal Caralt. Serie novela ;
_v57
_9187195
852 4 _aES-MaACL
_jA-7900
999 _c141079
_d141079